000 01296nam a2200241Ia 4500
999 _c55202
_d55202
001 22277
003 GE_BSU
005 20230222111652.0
008 181216s ||||ge |||||||||||||| ||geo||
020 _a9789941272615
040 _cGE_BSU
041 _ageo
080 _a338.22(042.4) ს-16
245 _aსაერთაშორისო ბიზნესის აქტუალური საკითხები :
_bლექციების კურსი მაგისტრანტებისა და დოქტორანტებისთვის /
_cკ. ღურწკაია, ა. აბრალავა, მ. გოგოლაძე, [და სხვ.] ; რედაქტორი რ. გოგოხია.
_h
264 _aთბილისი :
_bსაქ. ტექნ. უნ-ტი,
_c2017.
300 _a404 გვ. ;
_c28 სმ.
504 _aბიბლიოგრაფია ტექსტის შენიშვნებში
541 _h40 ლ.
653 _aეკონომიკა
653 _aსაერთაშორისო ბიზნესის აქტუალური საკითხები
700 _aგოგოხია, რ.
_eრედაქტორი
_917008
942 _cBK
_2udc